أسبوع الفقه الإسلامي : (Record no. 7475)
[ view plain ]
| 000 -الفاتح | |
|---|---|
| حقل البيانات ثابتة الطول | 01175nac a22002051i 4500 |
| 003 - محدد رقم الضبط | |
| رقم الضبط | EG-ScBUE |
| 005 - وقت وتاريخ اخر تعامل مع التسجيلة | |
| رقم الضبط | 20231101111236.0 |
| 008 - عناصر البيانات ثابتة الطول - معلومات عامة | |
| حقل البيانات ثابتة الطول | 100930s1963 s af b 000 0 ara d |
| 040 ## - مصدر الفهرسة | |
| وكالة الفهرسة الأصلية | EG-ScBUE |
| لغة الفهرسة | ara |
| قواعد الوصف | rda |
| وكالة النسخ | EG-ScBUE |
| وكالة التعديل | EG-ScBUE |
| 082 04 - رقم تصنيف ديوى العشرى | |
| رقم التصنيف | 297.14 |
| رقم المادة | م ج ل |
| رقم الطبعة | 22 |
| 110 2# - المدخل الرئيسى - إسم هيئة | |
| اسم الهيئة أو اسم السلطة كمدخل | المجلس الأعلى لرعاية الفنون والآداب والعلوم الاجتماعية، |
| الدور | مؤلف. |
| 9 (RLIN) | 19998 |
| 245 10 - بيان العنوان | |
| العنوان | أسبوع الفقه الإسلامي : |
| بقية العنوان | ومهرجان الإمام ابن تيمية : دمشق 16-21 من شوال 1380 هـ / |
| بيان المسئوليه,etc | المجلس الأعلى لرعاية الفنون والآداب والعلوم الاجتماعية. |
| 264 #1 - النشر، التوزيع | |
| مكان الناشر او الموزع | دمشق : |
| اسم الناشر او الموزع | المجلس الأعلى لرعاية الفنون والآداب والعلوم الاجتماعية، |
| تاريخ النشر أو التوزيع | 1963. |
| 300 ## - الوصف المادى | |
| التعداد | 925 صفحة ؛ |
| أبعاد الوعاء | 24 سم. |
| 490 0# - بيان السلسلة | |
| عنوان السلسلة | مطبوعات المجلس الأعلى لرعاية الفنون والآداب والعلوم الاجتماعية ؛ |
| رقم المجلد/ التعيين التسلسلي | 34 |
| 504 ## - تبصرة ببليوجرافية | |
| تبصرة ببليوجرافية,الخ | يشتمل على إرجاعات ببليوجرافية. |
| 650 #7 - المدخل الاضافى بالموضوع-مصطلح موضوعى | |
| مصطلح موضوعي أو اسم جغرافي كعنصر مدخل | الفقه الإسلامي. |
| مصدر الرأس أو المصطلح | BUEsh |
| 650 #7 - المدخل الاضافى بالموضوع-مصطلح موضوعى | |
| مصطلح موضوعي أو اسم جغرافي كعنصر مدخل | الشريعة الإسلامية. |
| مصدر الرأس أو المصطلح | BUEsh |
| 942 ## - عناصر المدخل الإضافي( كوها) | |
| Koha [default] item type | Book - Borrowing |
| مصدر التصنيف او مخطط الترفيف | Dewey Decimal Classification |
| حالة التراجع | حالة الفقد | مصدر التصنيف او خطة الترفيف | حالة تلف | ليس للاعارة | مجموعات كوها | المكان الدائم | المكان الحالي | موقع الترفيف | تاريخ الاكتساب | Source of acquisition | رقم الاستدعاء | الباركود | Date last seen | نوع الوعاء |
|---|---|---|---|---|---|---|---|---|---|---|---|---|---|---|
| Dewey Decimal Classification | Alef-Baa | Central Library | Central Library | Second Floor | 22/12/2010 | Purchase | 297.14 م ج ل | 000008901 | 15/07/2025 | Book - Borrowing |